<?xml version="1.0" encoding="UTF-8"?>
<collection xmlns="http://www.loc.gov/MARC21/slim">
 <record>
  <leader>02139nam a2200217Ia 4500</leader>
  <controlfield tag="001">CTU_126337</controlfield>
  <controlfield tag="008">210402s9999    xx            000 0 und d</controlfield>
  <datafield tag="020" ind1=" " ind2=" ">
   <subfield code="c">13.79</subfield>
  </datafield>
  <datafield tag="082" ind1=" " ind2=" ">
   <subfield code="a">005.133</subfield>
  </datafield>
  <datafield tag="082" ind1=" " ind2=" ">
   <subfield code="b">C393</subfield>
  </datafield>
  <datafield tag="100" ind1=" " ind2=" ">
   <subfield code="a">Celko, Joe</subfield>
  </datafield>
  <datafield tag="245" ind1=" " ind2="0">
   <subfield code="a">Joe Celko's SQL for smarties :</subfield>
  </datafield>
  <datafield tag="245" ind1=" " ind2="0">
   <subfield code="b">advanced SQL programming</subfield>
  </datafield>
  <datafield tag="245" ind1=" " ind2="0">
   <subfield code="c">Joe Celko</subfield>
  </datafield>
  <datafield tag="260" ind1=" " ind2=" ">
   <subfield code="a">San Francisco</subfield>
  </datafield>
  <datafield tag="260" ind1=" " ind2=" ">
   <subfield code="b">Morgan Kaufmann</subfield>
  </datafield>
  <datafield tag="260" ind1=" " ind2=" ">
   <subfield code="c">1999</subfield>
  </datafield>
  <datafield tag="520" ind1=" " ind2=" ">
   <subfield code="a">SQL for Smarties was hailed as the first book devoted explicitly to the advanced techniques you need to transform yourself into an expert SQL programmer. Now, in this fully updated second edition, SQL mastermind Joe Celko keeps you moving forward, using his entertaining, conversational style to teach you the best solutions to old and new challenges and to convey the way you need to think if you really want to get the most out of your SQL programming efforts. Inside, logic- and set-based analyses replace the traditional, procedural approach to problem-solving, helping you make the conceptual leap that separates an SQL guru from the rest of the pack. As you catch on to Celko's approach, you'll devour what he has to say about some of SQL's toughest topics: how aggregate functions really work, the best way to work with NULLs, how and why to fake array structures, and much more. This book gives special emphasis to SQL-92 and product-independent techniques that let you optimize performance or achieve highly specialized behavior, regardless of the RDBMS with which you work. If you're serious about SQL, you won't let SQL for Smarties out of your sight. Presents all-new war stories that give you insight into real-world SQL programming challenges. Continues to cover SQL-89 but focuses heavily on the SQL-92 standard. Offers still more undocumented tips for working around system deficiencies. Teaches scores of advanced techniques that can be used with any product, in any SQL environment. Offers expert advice from a noted SQL authority and award-winning columnist.</subfield>
  </datafield>
  <datafield tag="650" ind1=" " ind2=" ">
   <subfield code="a">SQL (Computer program language)</subfield>
  </datafield>
  <datafield tag="904" ind1=" " ind2=" ">
   <subfield code="i">Minh</subfield>
  </datafield>
  <datafield tag="980" ind1=" " ind2=" ">
   <subfield code="a">Trung tâm Học liệu Trường Đại học Cần Thơ</subfield>
  </datafield>
 </record>
</collection>
